[Event "OP-2023-0-05391"]
[Site "LSS email"]
[Date "2023.03.27"]
[Round "?"]
[White "Quimtero, Raul"]
[Black "Salas Morera, Lorenzo"]
[Result "1/2-1/2"]
[WhiteElo "2022"]
[BlackElo "2074"]
[PlyCount "82"]
[EventDate "2023.03.18"]
[EventType "tourn (corr)"]
[EventRounds "4"]
[EventCountry "GER"]
[SourceTitle "Corr 2024"]
[Source "ChessBase"]
[SourceDate "2023.10.19"]
[SourceVersion "1"]
[SourceVersionDate "2023.10.19"]
[SourceQuality "1"]

1. Nf3 d5 2. c4 d4 3. b4 c5 4. e3 dxe3 5. fxe3 cxb4 6. d4 Nf6 7. a3 e6 8. c5 bxa3 9. Nxa3 Be7 10. Bd3 0-0 11. Nc4 Bd7 12. 0-0 Nc6 13. Bd2 Be8 14. Qb1 h6 15. Rc1 Rb8 16. Be1 b6 17. Bg3 Ra8 18. cxb6 axb6 19. Rxa8 Qxa8 20. Nxb6 Qd8 21. Be1 Ba3 22. Rc3 Bd6 23. Rb3 Bc7 24. Nc4 Ne7 25. Nce5 Nfd5 26. Bf1 f6 27. Nc4 Bc6 28. Bg3 f5 29. Nce5 Bxe5 30. Nxe5 f4 31. Bh4 Qd6 32. exf4 Nf5 33. Bf2 Nxf4 34. Nxc6 Qxc6 35. Rb6 Qd5 36. g3 Nxd4 37. gxf4 Nf3+ 38. Kh1 Ne1+ 39. Kg1 Nf3+ 40. Kh1 Ne1+ 41. Kg1 Nf3+ 1/2-1/2

[Event "OP-2022-0-05359"]
[Site "LSS email"]
[Date "2022.12.10"]
[Round "?"]
[White "Salas Morera, Lorenzo"]
[Black "Szulc, Stanislaw"]
[Result "1/2-1/2"]
[WhiteElo "2077"]
[BlackElo "2218"]
[PlyCount "69"]
[EventDate "2022.11.20"]
[EventType "tourn (corr)"]
[EventRounds "4"]
[EventCountry "GER"]
[SourceTitle "Corr 2024"]
[Source "ChessBase"]
[SourceDate "2023.10.19"]
[SourceVersion "1"]
[SourceVersionDate "2023.10.19"]
[SourceQuality "1"]

1. e4 e5 2. Nf3 Nc6 3. Bb5 a6 4. Ba4 Nf6 5. 0-0 Nxe4 6. d4 b5 7. Bb3 d5 8. dxe5 Be6 9. Be3 Be7 10. c3 0-0 11. Nbd2 Bg4 12. Nxe4 dxe4 13. Qd5 Qxd5 14. Bxd5 exf3 15. Bxc6 fxg2 16. Rfc1 Rab8 17. a4 b4 18. Bxg2 c5 19. Bf1 a5 20. cxb4 cxb4 21. Rc7 Bd8 22. Ra7 Rc8 23. Bg2 h6 24. Bd5 Rc2 25. b3 Be6 26. Rd1 Bg5 27. Bb6 Bd8 28. Be3 Bc7 29. Bxe6 fxe6 30. Rd7 Bxe5 31. Rxa5 Bc3 32. Ra6 Be1 33. Raa7 Bxf2+ 34. Bxf2 Rfxf2 35. Rxg7+ 1/2-1/2

[Event "OP-2022-0-05359"]
[Site "LSS email"]
[Date "2022.12.02"]
[Round "?"]
[White "Salas Morera, Lorenzo"]
[Black "Sury, Radim"]
[Result "1/2-1/2"]
[WhiteElo "2077"]
[BlackElo "1675"]
[PlyCount "79"]
[EventDate "2022.11.20"]
[EventType "tourn (corr)"]
[EventRounds "4"]
[EventCountry "GER"]
[SourceTitle "Corr 2024"]
[Source "ChessBase"]
[SourceDate "2023.10.19"]
[SourceVersion "1"]
[SourceVersionDate "2023.10.19"]
[SourceQuality "1"]

1. e4 c5 2. Nf3 d6 3. d4 cxd4 4. Nxd4 Nf6 5. Nc3 a6 6. h3 e5 7. Nb3 Be6 8. Be3 Be7 9. Qf3 0-0 10. g4 a5 11. Bb5 Nc6 12. a3 Bxb3 13. cxb3 Nd4 14. Bxd4 exd4 15. Ne2 Rc8 16. Rd1 Rc5 17. Bd3 Qb6 18. Bc4 Nd7 19. Nxd4 Bf6 20. Qd3 Ne5 21. Qe2 Rfc8 22. 0-0 Nxc4 23. bxc4 Rxc4 24. Nf5 R4c6 25. Rd2 g6 26. Ne3 Qb3 27. Kg2 Kg7 28. f4 Qe6 29. Nd5 Bh4 30. Nc3 h6 31. Nb5 Rc1 32. Rxc1 Rxc1 33. Nxd6 Be7 34. e5 Bxd6 35. Rxd6 Qb3 36. f5 Rb1 37. f6+ Kh7 38. Rd2 Qb6 39. Kg3 Rg1+ 40. Kh2 1/2-1/2

[Event "LSS SA-2022-0-00794"]
[Site "LSS email"]
[Date "2022.03.14"]
[Round "?"]
[White "Salas Morera, Lorenzo"]
[Black "Baltar, Antoni"]
[Result "1/2-1/2"]
[WhiteElo "2072"]
[BlackElo "2074"]
[PlyCount "86"]
[EventDate "2022.02.15"]
[EventType "tourn (corr)"]
[EventRounds "6"]
[EventCountry "GER"]
[SourceTitle "Corr 2024"]
[Source "ChessBase"]
[SourceDate "2023.10.19"]
[SourceVersion "1"]
[SourceVersionDate "2023.10.19"]
[SourceQuality "1"]

1. e4 e5 2. Nf3 Nc6 3. Bb5 f5 4. Nc3 fxe4 5. Nxe4 d5 6. Nxe5 dxe4 7. Nxc6 Qg5 8. Qe2 Nf6 9. Nxa7+ Bd7 10. Bxd7+ Nxd7 11. f4 Qf5 12. Nb5 0-0-0 13. a4 Bb4 14. Qc4 Qc5 15. Qxc5 Nxc5 16. Nc3 Ne6 17. a5 Rhe8 18. a6 Kb8 19. axb7 Kxb7 20. Ra4 Rd4 21. f5 Nf4 22. Rxb4+ Rxb4 23. 0-0 Nh5 24. b3 Nf6 25. Nd1 Rb5 26. Ne3 h5 27. Bb2 Rd8 28. Bc3 Rd7 29. h3 Nd5 30. Nxd5 Rbxd5 31. g4 e3 32. dxe3 Rc5 33. Bd4 Rxc2 34. Rf2 Rc1+ 35. Rf1 Rc2 36. Rf2 Rc1+ 37. Kg2 hxg4 38. hxg4 c5 39. Bb2 Re1 40. Kf3 Kc6 41. Rc2 Kb5 42. Ba3 Rc7 43. Kf4 Rb1 1/2-1/2

[Event "LSS SA-2022-0-00794"]
[Site "LSS email"]
[Date "2022.03.14"]
[Round "?"]
[White "Van Bommel, Ton"]
[Black "Salas Morera, Lorenzo"]
[Result "1/2-1/2"]
[WhiteElo "2162"]
[BlackElo "2072"]
[PlyCount "103"]
[EventDate "2022.02.15"]
[EventType "tourn (corr)"]
[EventRounds "6"]
[EventCountry "GER"]
[SourceTitle "Corr 2024"]
[Source "ChessBase"]
[SourceDate "2023.10.19"]
[SourceVersion "1"]
[SourceVersionDate "2023.10.19"]
[SourceQuality "1"]

1. e4 c5 2. c3 Nf6 3. e5 Nd5 4. Nf3 Nc6 5. Bc4 Nb6 6. Bb3 d5 7. exd6 c4 8. Bc2 Qxd6 9. 0-0 Bg4 10. Re1 Rd8 11. h3 Bh5 12. b3 e6 13. Na3 cxb3 14. axb3 Be7 15. Nc4 Qc7 16. Nxb6 Qxb6 17. d4 Bg6 18. Bxg6 hxg6 19. h4 0-0 20. Bg5 Rd7 21. Re4 Rfd8 22. Rb1 Bf6 23. Qd2 Qa5 24. Rbe1 Ne7 25. Qd3 Qa2 26. c4 Qa5 27. d5 exd5 28. Rxe7 Rxe7 29. Rxe7 dxc4 30. Qxc4 Bxe7 31. Bxe7 Re8 32. Bb4 Qf5 33. Bc3 Rc8 34. Qb4 Qd5 35. Bb2 a5 36. Qd4 Qxd4 37. Nxd4 Rc5 38. g3 g5 39. hxg5 Rxg5 40. Kg2 a4 41. bxa4 Ra5 42. Kf3 Rxa4 43. Ke3 Kh7 44. Nf5 f6 45. Bc1 Rc4 46. Bd2 Kg6 47. Kd3 Rc5 48. Nd4 Kh5 49. f3 Kg6 50. g4 Kf7 51. Nf5 Kg6 52. Nd4 1/2-1/2

[Event "OP-2022-0-05241"]
[Site "LSS email"]
[Date "2022.01.10"]
[Round "?"]
[White "Malewicz, Frank"]
[Black "Salas Morera, Lorenzo"]
[Result "0-1"]
[WhiteElo "2092"]
[BlackElo "2080"]
[PlyCount "80"]
[EventDate "2022.01.10"]
[EventType "tourn (corr)"]
[EventRounds "4"]
[EventCountry "GER"]
[SourceTitle "Corr 2024"]
[Source "ChessBase"]
[SourceDate "2023.10.19"]
[SourceVersion "1"]
[SourceVersionDate "2023.10.19"]
[SourceQuality "1"]

1. c4 Nf6 2. g3 e5 3. Bg2 c6 4. d4 exd4 5. Qxd4 Na6 6. Nf3 Bc5 7. Qe5+ Be7 8. 0-0 0-0 9. Nc3 Re8 10. Qf4 d5 11. Rd1 Nc7 12. Nd4 Bc5 13. Nf5 Ne6 14. Qf3 d4 15. h3 g6 16. Nh6+ Kg7 17. Ng4 Nd7 18. Na4 Be7 19. Bh6+ Kg8 20. Bd2 f5 21. Nh2 Nf6 22. b4 Ne4 23. Qb3 Bf6 24. c5 Qd5 25. Qd3 Nc7 26. Nf3 Nb5 27. Bg5 Bg7 28. Bf4 Qf7 29. Rdc1 Be6 30. Ne5 Qf6 31. Nf3 Bf7 32. h4 h6 33. Re1 g5 34. hxg5 hxg5 35. Bc1 Bd5 36. a3 f4 37. gxf4 gxf4 38. Nb2 Nbc3 39. Nd1 Kf7 40. Nxc3 dxc3 0-1

[Event "OP-2022-0-05241"]
[Site "LSS email"]
[Date "2022.01.10"]
[Round "?"]
[White "Salas Morera, Lorenzo"]
[Black "Roe, Philip"]
[Result "1/2-1/2"]
[WhiteElo "2080"]
[BlackElo "1664"]
[PlyCount "71"]
[EventDate "2022.01.10"]
[EventType "tourn (corr)"]
[EventRounds "4"]
[EventCountry "GER"]
[SourceTitle "Corr 2024"]
[Source "ChessBase"]
[SourceDate "2023.10.19"]
[SourceVersion "1"]
[SourceVersionDate "2023.10.19"]
[SourceQuality "1"]

1. e4 e6 2. d4 d5 3. Nc3 Nf6 4. Bg5 dxe4 5. Nxe4 Nbd7 6. Nf3 h6 7. Nxf6+ Nxf6 8. Be3 Bd6 9. Bd3 0-0 10. Qe2 b6 11. 0-0-0 Bb7 12. Rhe1 Nd5 13. Bd2 Nf4 14. Bxf4 Bxf4+ 15. Kb1 Qf6 16. Be4 Bxe4 17. Qxe4 Rfd8 18. a3 Rac8 19. Qb7 a5 20. Rd3 Bd6 21. Qc6 g6 22. g3 Qf5 23. Rb3 Qd5 24. Qxd5 exd5 25. Rbe3 Kg7 26. Ne5 c6 27. f4 f6 28. Nf3 g5 29. Re6 Kf7 30. f5 h5 31. c3 Rc7 32. Kc2 a4 33. Nd2 b5 34. Nf1 Re7 35. Rxe7+ Bxe7 36. Re6 1/2-1/2

[Event "OP-2022-0-05241"]
[Site "LSS email"]
[Date "2022.01.10"]
[Round "?"]
[White "Skeels, Puffy"]
[Black "Salas Morera, Lorenzo"]
[Result "1/2-1/2"]
[WhiteElo "2099"]
[BlackElo "2080"]
[PlyCount "55"]
[EventDate "2022.01.10"]
[EventType "tourn (corr)"]
[EventRounds "4"]
[EventCountry "GER"]
[SourceTitle "Corr 2024"]
[Source "ChessBase"]
[SourceDate "2023.10.19"]
[SourceVersion "1"]
[SourceVersionDate "2023.10.19"]
[SourceQuality "1"]

1. e4 c5 2. Nf3 Nc6 3. d4 cxd4 4. Nxd4 Nf6 5. Nc3 e5 6. Ndb5 d6 7. Bg5 a6 8. Bxf6 gxf6 9. Na3 f5 10. Bc4 Qg5 11. Bd5 Be6 12. exf5 Qxf5 13. Nc4 0-0-0 14. Qd2 Qh5 15. Bxc6 bxc6 16. Na5 Kc7 17. Qe3 Ra8 18. Na4 c5 19. 0-0 Rg8 20. Nxc5 dxc5 21. Qe4 Rb8 22. Qc6+ Kd8 23. f4 Rc8 24. Rad1+ Ke7 25. f5 Rxc6 26. Nxc6+ Kf6 27. fxe6+ Kxe6 28. Nd8+ 1/2-1/2

[Event "LSS SA-2021-0-00766"]
[Site "LSS email"]
[Date "2021.08.04"]
[Round "?"]
[White "Avellan, Fernando"]
[Black "Salas Morera, Lorenzo"]
[Result "1/2-1/2"]
[WhiteElo "2063"]
[BlackElo "2075"]
[PlyCount "41"]
[EventDate "2021.06.28"]
[EventType "tourn (corr)"]
[EventRounds "6"]
[EventCountry "GER"]
[SourceTitle "Corr 2024"]
[Source "ChessBase"]
[SourceDate "2023.10.19"]
[SourceVersion "1"]
[SourceVersionDate "2023.10.19"]
[SourceQuality "1"]

1. e4 c5 2. Nf3 e6 3. d4 cxd4 4. Nxd4 Nc6 5. Nc3 Qc7 6. Be3 a6 7. Qd2 Nf6 8. f4 Bb4 9. Bd3 b5 10. a3 Be7 11. e5 Ng4 12. Nxc6 dxc6 13. Bg1 c5 14. h3 Nh6 15. g4 Bb7 16. Rh2 0-0 17. 0-0-0 Kh8 18. Qe3 Rab8 19. Rhd2 Qa5 20. Be2 Rfc8 21. Rd6 1/2-1/2

[Event "LSS SA-2021-0-00766"]
[Site "LSS email"]
[Date "2021.08.04"]
[Round "?"]
[White "Salas Morera, Lorenzo"]
[Black "Braga Da Silva, Flavio"]
[Result "1/2-1/2"]
[WhiteElo "2075"]
[BlackElo "2150"]
[PlyCount "91"]
[EventDate "2021.06.28"]
[EventType "tourn (corr)"]
[EventRounds "6"]
[EventCountry "GER"]
[SourceTitle "Corr 2024"]
[Source "ChessBase"]
[SourceDate "2023.10.19"]
[SourceVersion "1"]
[SourceVersionDate "2023.10.19"]
[SourceQuality "1"]

1. e4 c5 2. Nf3 d6 3. d4 cxd4 4. Nxd4 Nf6 5. Nc3 a6 6. Be3 e5 7. Nb3 Be6 8. f3 Be7 9. Qd2 h5 10. Nd5 Nxd5 11. exd5 Bf5 12. Be2 Nd7 13. 0-0 b6 14. f4 Be4 15. fxe5 Nxe5 16. Qb4 Bxd5 17. Rad1 Be6 18. Nd4 a5 19. Nxe6 axb4 20. Bb5+ Qd7 21. Nxg7+ Kf8 22. Bxd7 Kxg7 23. Bf5 Rxa2 24. b3 Rb8 25. Be4 Ra5 26. h3 Nd7 27. Rf3 Ne5 28. Rf5 Nd7 29. Rdd5 Rxd5 30. Rxd5 Nc5 31. Bf3 h4 32. Rd4 f5 33. Rxb4 Kf7 34. Kf1 Ke6 35. Bf2 d5 36. Bg1 b5 37. Bxc5 Bxc5 38. Rxh4 b4 39. Be2 Ke5 40. Bd3 Rg8 41. Rh5 Rf8 42. Rh7 Rf6 43. Rg7 Bf8 44. Rg3 Bc5 45. Rg7 Bf8 46. Rg3 1/2-1/2

[Event "LSS SA-2021-0-00766"]
[Site "LSS email"]
[Date "2021.08.04"]
[Round "?"]
[White "Salas Morera, Lorenzo"]
[Black "Morcin, Tom"]
[Result "1/2-1/2"]
[WhiteElo "2075"]
[BlackElo "2057"]
[PlyCount "120"]
[EventDate "2021.06.28"]
[EventType "tourn (corr)"]
[EventRounds "6"]
[EventCountry "GER"]
[SourceTitle "Corr 2024"]
[Source "ChessBase"]
[SourceDate "2023.10.19"]
[SourceVersion "1"]
[SourceVersionDate "2023.10.19"]
[SourceQuality "1"]

1. e4 e5 2. Nf3 Nc6 3. Bb5 a6 4. Ba4 Nf6 5. 0-0 Be7 6. Re1 b5 7. Bb3 d6 8. c3 0-0 9. h3 Bb7 10. d4 Re8 11. Nbd2 Bf8 12. a3 h6 13. Bc2 Nb8 14. b3 Nbd7 15. Bb2 g6 16. b4 c6 17. a4 Qc7 18. axb5 cxb5 19. d5 Nb6 20. Nb3 Nc4 21. Bc1 Bc8 22. Nfd2 Nb6 23. Qf3 Be7 24. Na5 Bd7 25. Bb3 Kg7 26. c4 Rec8 27. Qe3 Qb8 28. Rb1 Ng8 29. f4 bxc4 30. Bxc4 Bh4 31. Rd1 Ba4 32. Bb3 exf4 33. Qxf4 Bf6 34. Bb2 Bb5 35. Kh1 Bxb2 36. Rxb2 Nf6 37. Nc6 Qc7 38. Rc2 Re8 39. Rc3 Nbd7 40. Bc4 Bxc6 41. Ba2 g5 42. Qf5 Re5 43. Qf3 Nc5 44. bxc5 Bb5 45. c6 Rae8 46. Re3 Qb6 47. Ree1 g4 48. hxg4 Rg5 49. Qe3 Qxe3 50. Rxe3 Nxg4 51. Rf3 Ne5 52. Rc3 Kf6 53. Bc4 Nxc4 54. Rf1+ Ke5 55. Rxc4 Bxc4 56. Nxc4+ Kxe4 57. Nxd6+ Kxd5 58. Nxe8 Kxc6 59. Rxf7 Rg6 60. Nf6 a5 1/2-1/2

[Event "LSS SA-2021-0-00766"]
[Site "LSS email"]
[Date "2021.08.04"]
[Round "?"]
[White "Salas Morera, Lorenzo"]
[Black "Zholob, Anatolij"]
[Result "1/2-1/2"]
[WhiteElo "2075"]
[BlackElo "2104"]
[PlyCount "49"]
[EventDate "2021.06.28"]
[EventType "tourn (corr)"]
[EventRounds "6"]
[EventCountry "GER"]
[SourceTitle "Corr 2024"]
[Source "ChessBase"]
[SourceDate "2023.10.19"]
[SourceVersion "1"]
[SourceVersionDate "2023.10.19"]
[SourceQuality "1"]

1. e4 c5 2. Nf3 d6 3. d4 cxd4 4. Nxd4 Nf6 5. Nc3 a6 6. Be3 e5 7. Nb3 Be6 8. f3 h5 9. Qd2 Nbd7 10. Nd5 Bxd5 11. exd5 g6 12. 0-0-0 Nb6 13. Kb1 Nbxd5 14. Bg5 Be7 15. Bd3 Qc7 16. Rhe1 Nb6 17. a4 0-0-0 18. a5 Nbd7 19. f4 Kb8 20. fxe5 dxe5 21. Qe2 Rc8 22. Rf1 h4 23. Be3 e4 24. Bxe4 Nxe4 25. Bf4 1/2-1/2

[Event "LSS SA-2020-0-00745"]
[Site "LSS email"]
[Date "2020.12.24"]
[Round "?"]
[White "Schleef, Harald"]
[Black "Salas Morera, Lorenzo"]
[Result "1-0"]
[WhiteElo "2086"]
[BlackElo "2092"]
[PlyCount "90"]
[EventDate "2020.12.06"]
[EventType "tourn (corr)"]
[EventRounds "6"]
[EventCountry "GER"]
[SourceTitle "Corr 2024"]
[Source "ChessBase"]
[SourceDate "2023.10.19"]
[SourceVersion "1"]
[SourceVersionDate "2023.10.19"]
[SourceQuality "1"]

1. e4 c5 2. Nf3 e6 3. Nc3 Nc6 4. d4 cxd4 5. Nxd4 Nf6 6. Be2 Bb4 7. 0-0 Bxc3 8. bxc3 Nxe4 9. Bd3 Nxc3 10. Nxc6 dxc6 11. Qh5 Qd4 12. Be3 Qf6 13. Bg5 Qd4 14. Rfe1 Nd5 15. Rad1 Nf6 16. Qe2 h6 17. Be4 Qc5 18. Bf4 0-0 19. Bd6 Qa5 20. Bxf8 Kxf8 21. c4 Qc7 22. Bf3 Bd7 23. Qe3 Kg8 24. h4 a6 25. g4 Re8 26. g5 hxg5 27. hxg5 Nh7 28. g6 fxg6 29. Be4 Nf8 30. Qg5 e5 31. Bxg6 Re6 32. Bc2 c5 33. Be4 Bc6 34. Kf1 Qf7 35. Rd5 Rf6 36. Re2 Nd7 37. Rdd2 Nf8 38. Qxe5 Qxc4 39. Bd5+ Bxd5 40. Qxd5+ Qxd5 41. Rxd5 c4 42. Re8 Kh7 43. a4 b5 44. axb5 axb5 45. Rxb5 Ng6 1-0

[Event "OP-2020-0-05058"]
[Site "LSS email"]
[Date "2020.11.24"]
[Round "?"]
[White "Carlsen, Jan"]
[Black "Salas Morera, Lorenzo"]
[Result "1/2-1/2"]
[WhiteElo "1425"]
[BlackElo "2087"]
[PlyCount "35"]
[EventDate "2020.11.24"]
[EventType "tourn (corr)"]
[EventRounds "4"]
[EventCountry "GER"]
[SourceTitle "Corr 2022"]
[Source "ChessBase"]
[SourceDate "2021.10.24"]
[SourceVersion "1"]
[SourceVersionDate "2021.10.24"]
[SourceQuality "1"]

1. d4 Nf6 2. c4 g6 3. Nc3 d5 4. Bf4 Bg7 5. e3 0-0 6. Rc1 Be6 7. c5 c6 8. Bd3 b6 9. b4 a5 10. cxb6 Qxb6 11. b5 cxb5 12. Bxb5 Rc8 13. Nge2 Bd7 14. Bd3 Qd8 15. h3 a4 16. 0-0 Qa5 17. Rb1 Bf8 18. Be5 1/2-1/2

[Event "OP-2020-0-04905"]
[Site "LSS email"]
[Date "2020.01.06"]
[Round "?"]
[White "Salas Morera, Lorenzo"]
[Black "Starkov, Leg"]
[Result "1-0"]
[WhiteElo "2047"]
[BlackElo "800"]
[PlyCount "65"]
[EventDate "2019.12.26"]
[EventType "tourn (corr)"]
[EventRounds "4"]
[EventCountry "GER"]
[SourceTitle "Corr 2022"]
[Source "ChessBase"]
[SourceDate "2021.10.24"]
[SourceVersion "1"]
[SourceVersionDate "2021.10.24"]
[SourceQuality "1"]

1. e4 e5 2. Nf3 Nc6 3. Bb5 Nf6 4. d3 d6 5. c3 Be7 6. 0-0 0-0 7. Re1 a6 8. Ba4 b5 9. Bc2 Re8 10. Nbd2 Bf8 11. Nf1 h6 12. d4 Bg4 13. d5 Ne7 14. h3 Bd7 15. N3h2 Ng6 16. Bd2 Be7 17. a4 Rb8 18. Ne3 Nh7 19. c4 bxc4 20. Nxc4 Bg5 21. Ba5 Qf6 22. Ng4 Qe7 23. Nge3 Bxe3 24. fxe3 Qh4 25. Qf3 f5 26. b3 Ng5 27. Qf2 Qxf2+ 28. Kxf2 Nxe4+ 29. Bxe4 fxe4 30. Bxc7 Rf8+ 31. Kg1 Rxb3 32. Bxd6 Rc8 33. Rec1 1-0

[Event "OP-2019-0-04851"]
[Site "LSS email"]
[Date "2019.09.30"]
[Round "?"]
[White "Simonov, Nikolaj"]
[Black "Salas Morera, Lorenzo"]
[Result "1/2-1/2"]
[WhiteElo "800"]
[BlackElo "2056"]
[PlyCount "102"]
[EventDate "2019.09.21"]
[EventType "tourn (corr)"]
[EventRounds "4"]
[EventCountry "GER"]
[SourceTitle "Corr 2022"]
[Source "ChessBase"]
[SourceDate "2021.10.24"]
[SourceVersion "1"]
[SourceVersionDate "2021.10.24"]
[SourceQuality "1"]

1. d4 Nf6 2. Nf3 g6 3. c4 Bg7 4. g3 c6 5. Bg2 d5 6. cxd5 cxd5 7. Nc3 0-0 8. Ne5 Bf5 9. Bf4 Nc6 10. Nxc6 bxc6 11. 0-0 Qb6 12. Na4 Qb5 13. b3 Nd7 14. Rc1 e5 15. dxe5 Nxe5 16. Rc5 Qb4 17. Bd2 Qb7 18. Bc3 Rfe8 19. Bd4 h5 20. Qd2 Qe7 21. Rc3 h4 22. Rd1 Rac8 23. Nc5 hxg3 24. hxg3 Ng4 25. Bf3 Bxd4 26. Qxd4 Ne5 27. b4 Qf6 28. Bg2 Kg7 29. Nb3 Bd7 30. Rc5 Rb8 31. Na5 g5 32. a3 Rb6 33. Rc3 Re7 34. f3 Re8 35. e3 Kg6 36. f4 Ng4 37. Qxf6+ Nxf6 38. Nb3 g4 39. Rdc1 Kg7 40. Kf2 Reb8 41. Rc5 Ra6 42. Na5 Rb5 43. R5c2 Kf8 44. Rc3 Ke7 45. Ke1 Raxa5 46. bxa5 Rxa5 47. Rd1 Ke6 48. Rcd3 Kf5 49. Rc3 Ke6 50. Rcd3 Kf5 51. Rc3 Ke6 1/2-1/2

[Event "OP-2019-0-04709"]
[Site "LSS email"]
[Date "2019.01.13"]
[Round "?"]
[White "Lannoy, Jean Claude"]
[Black "Salas Morera, Lorenzo"]
[Result "1/2-1/2"]
[WhiteElo "1878"]
[BlackElo "2042"]
[PlyCount "86"]
[EventDate "2019.01.06"]
[EventType "tourn (corr)"]
[EventRounds "4"]
[EventCountry "GER"]
[SourceTitle "Corr 2022"]
[Source "ChessBase"]
[SourceDate "2021.10.24"]
[SourceVersion "1"]
[SourceVersionDate "2021.10.24"]
[SourceQuality "1"]

1. f4 d5 2. Nf3 Nf6 3. e3 c5 4. b3 g6 5. Bb2 Bg7 6. Be2 0-0 7. 0-0 b6 8. Ne5 Bb7 9. Qe1 Ne4 10. c4 e6 11. cxd5 exd5 12. Nc3 Nc6 13. Nxe4 dxe4 14. Nxc6 Bxc6 15. Bxg7 Kxg7 16. Rd1 Qe7 17. f5 f6 18. Qg3 Rad8 19. Bc4 Rfe8 20. fxg6 hxg6 21. Rf4 Qe5 22. Rdf1 Rd6 23. a4 Bd7 24. Qe1 Rd8 25. h4 Bc8 26. R1f2 Rh8 27. Rf1 Rhd8 28. R1f2 Rh8 29. Qb1 f5 30. Qe1 a5 31. Rf1 Kh6 32. Qf2 Rf8 33. Qe1 Rfd8 34. R1f2 Kg7 35. g3 Rh8 36. Rh2 Rhd8 37. Rhf2 Rh8 38. Rg2 Rf6 39. Rf1 Rff8 40. Qc1 Kf6 41. Kf2 Rd8 42. Ke2 Ke7 43. Qa1 Qxa1 1/2-1/2

[Event "OP-2019-0-04709"]
[Site "LSS email"]
[Date "2019.01.13"]
[Round "?"]
[White "Salas Morera, Lorenzo"]
[Black "Laine, Jari"]
[Result "1-0"]
[WhiteElo "2042"]
[BlackElo "2027"]
[PlyCount "21"]
[EventDate "2019.01.06"]
[EventType "tourn (corr)"]
[EventRounds "4"]
[EventCountry "GER"]
[SourceTitle "Corr 2022"]
[Source "ChessBase"]
[SourceDate "2021.10.24"]
[SourceVersion "1"]
[SourceVersionDate "2021.10.24"]
[SourceQuality "1"]

1. e4 g6 2. d4 Bg7 3. Nc3 d6 4. Nf3 a6 5. Bc4 b5 6. Bd5 c6 7. Bb3 Qc7 8. 0-0 Nd7 9. Ng5 Nh6 10. Bxf7+ Nxf7 11. Ne6 1-0

[Event "OP-2019-0-04703"]
[Site "LSS email"]
[Date "2019.01.03"]
[Round "?"]
[White "Vontina, Maria"]
[Black "Salas Morera, Lorenzo"]
[Result "0-1"]
[WhiteElo "797"]
[BlackElo "2041"]
[PlyCount "56"]
[EventDate "2018.12.27"]
[EventType "tourn (corr)"]
[EventRounds "4"]
[EventCountry "GER"]
[SourceTitle "Corr 2022"]
[Source "ChessBase"]
[SourceDate "2021.10.24"]
[SourceVersion "1"]
[SourceVersionDate "2021.10.24"]
[SourceQuality "1"]

1. e4 c5 2. Nf3 e6 3. d4 cxd4 4. Nxd4 a6 5. Nc3 Qc7 6. Be3 Nf6 7. f4 Bb4 8. Bd3 Bxc3+ 9. bxc3 Qxc3+ 10. Kf2 d6 11. Rb1 e5 12. Rb3 Qc7 13. fxe5 Ng4+ 14. Ke2 dxe5 15. Nf3 Nxe3 16. Kxe3 Be6 17. Rb2 Nd7 18. Qd2 0-0 19. Rhb1 b5 20. a3 f5 21. exf5 Bd5 22. Bf1 Qc5+ 23. Ke2 Rxf5 24. Qe3 e4 25. Nd2 Bc4+ 26. Nxc4 Qxc4+ 27. Kd2 Rxf1 28. Rxf1 Qxf1 0-1

[Event "OP-2018-0-04655"]
[Site "LSS email"]
[Date "2018.10.18"]
[Round "?"]
[White "Salas Morera, Lorenzo"]
[Black "Molina, Vicente Andres"]
[Result "1-0"]
[WhiteElo "2039"]
[BlackElo "627"]
[PlyCount "59"]
[EventDate "2018.10.04"]
[EventType "tourn (corr)"]
[EventRounds "4"]
[EventCountry "GER"]
[SourceTitle "Corr 2022"]
[Source "ChessBase"]
[SourceDate "2021.10.24"]
[SourceVersion "1"]
[SourceVersionDate "2021.10.24"]
[SourceQuality "1"]

1. e4 c5 2. Nf3 Nc6 3. d4 cxd4 4. Nxd4 d6 5. c4 Nf6 6. Nc3 e5 7. Nc2 Be6 8. Be2 Be7 9. 0-0 0-0 10. b3 a6 11. Be3 Qc7 12. Nd5 Bxd5 13. cxd5 Nb8 14. f3 Nbd7 15. Qd2 b5 16. Rfc1 Rac8 17. Nd4 exd4 18. Rxc7 Rxc7 19. Bxd4 Ne5 20. Qa5 Rfc8 21. Qxa6 Rc1+ 22. Rxc1 Rxc1+ 23. Bf1 Bf8 24. Qxb5 Nfd7 25. a4 Nc5 26. b4 Ncd3 27. a5 Nc4 28. a6 Nd2 29. Qxd3 Nxf1 30. Qxf1 1-0

[Event "ZI-2018-0-02449"]
[Site "LSS email"]
[Date "2018.06.07"]
[Round "?"]
[White "Salas Morera, Lorenzo"]
[Black "Csernus, Robert"]
[Result "1-0"]
[WhiteElo "2049"]
[BlackElo "2049"]
[PlyCount "89"]
[EventDate "2018.05.29"]
[EventType "match (corr)"]
[EventRounds "2"]
[EventCountry "GER"]
[SourceTitle "Corr 2022"]
[Source "ChessBase"]
[SourceDate "2021.10.24"]
[SourceVersion "1"]
[SourceVersionDate "2021.10.24"]
[SourceQuality "1"]

1. e4 e5 2. Nf3 Nc6 3. Bb5 a6 4. Ba4 Nf6 5. 0-0 Be7 6. Re1 b5 7. Bb3 d6 8. c3 0-0 9. h3 Nb8 10. d4 Nbd7 11. Nbd2 Bb7 12. Bc2 Re8 13. Nf1 Bf8 14. Ng3 g6 15. a4 exd4 16. cxd4 c5 17. d5 Bg7 18. Rb1 b4 19. Bd3 Ne5 20. Nxe5 Rxe5 21. b3 Re7 22. Bf4 Qb6 23. Rc1 h6 24. Qd2 Kh7 25. Bc4 Nd7 26. Nf1 Rae8 27. f3 Bd4+ 28. Kh2 f6 29. Be3 Be5+ 30. Kh1 Bc8 31. Qf2 Bc3 32. Bd2 Bxd2 33. Nxd2 f5 34. Qg3 Nf6 35. Bd3 Nh5 36. Qh2 f4 37. Nc4 Qd8 38. Qg1 Re5 39. Kh2 a5 40. Nxd6 Qxd6 41. Rxc5 Rg5 42. Qd4 Qb6 43. Rec1 Bd7 44. Bb5 Nf6 45. Qb2 1-0

[Event "ZI-2017-0-02365"]
[Site "LSS email"]
[Date "2017.12.03"]
[Round "?"]
[White "Milde, Lars"]
[Black "Salas Morera, Lorenzo"]
[Result "1/2-1/2"]
[WhiteElo "2019"]
[BlackElo "2038"]
[PlyCount "46"]
[EventDate "2017.11.24"]
[EventType "match (corr)"]
[EventRounds "2"]
[EventCountry "GER"]
[SourceTitle "Corr 2022"]
[Source "ChessBase"]
[SourceDate "2021.10.24"]
[SourceVersion "1"]
[SourceVersionDate "2021.10.24"]
[SourceQuality "1"]

1. e4 c5 2. Nf3 e6 3. d4 cxd4 4. Nxd4 a6 5. Bd3 Bc5 6. c3 d6 7. Qg4 Nf6 8. Qg3 e5 9. Nb3 Ba7 10. Bg5 h6 11. Be3 Bxe3 12. Qxe3 0-0 13. 0-0 Nc6 14. N1d2 Be6 15. h3 Rc8 16. Rad1 Qc7 17. Kh1 Rfe8 18. f4 exf4 19. Qxf4 Ne5 20. Bb1 Nc4 21. Nxc4 Bxc4 22. Rf2 Re5 23. Nd4 d5 1/2-1/2